书目信息 |
| 题名: |
体育保健学
|
|
| 作者: | 姚鸿恩 主编 | |
| 分册: | ||
| 出版信息: | 北京 高等教育出版社 2002 |
|
| 页数: | 331页 | |
| 开本: | 20cm | |
| 丛书名: | ||
| 单 册: | ||
| 中图分类: | G804.3 | |
| 科图分类: | ||
| 主题词: | 体育理论 | |
| 电子资源: | ||
| ISBN: | 7-04-009448-7 | |
| 000 | 00584nam0 2200217 450 | |
| 001 | 0633440640 | |
| 005 | 20070701110552.43 | |
| 010 | @a7-04-009448-7@dCNY18.30 | |
| 100 | @a20061013d2002 km y0chiy0120 ea | |
| 101 | 0 | @achi |
| 102 | @aCN@b110000 | |
| 200 | 1 | @a体育保健学@Ati yu bao jian xue@f姚鸿恩主编@Fyao hong en zhu bian |
| 205 | @a3版 | |
| 210 | @a北京@c高等教育出版社@d2002 | |
| 215 | @a331页@d20cm | |
| 300 | @a高等学校教材 | |
| 606 | 0 | @a体育理论 |
| 690 | @aG804.3@v3 | |
| 701 | 0 | @a姚鸿恩@Ayao hong en@4主编 |
| 801 | 0 | @aCN@bPFT@c20070701 |
| 905 | @a10447@dG804.3@e185=3 | |
| 体育保健学/姚鸿恩主编.-3版.-北京:高等教育出版社,2002 |
| 331页;20cm |
| 高等学校教材 |
| ISBN 7-04-009448-7:CNY18.30 |
| ● |
| 相关链接 |
|
|
|
|
正题名:体育保健学
索取号:G804.3/185=3
 
预约/预借
| 序号 | 登录号 | 条形码 | 馆藏地/架位号 | 状态 | 备注 |
| 1 | 0501877 | 205018773 | 密集书库/ [索取号:G804.3/185=3] | 在馆 | |
| 2 | 0762673 | 207626737 | 库房3/ [索取号:G804.3/185=3] | 在馆 | |
| 3 | 0762674 | 207626746 | 库房3/ [索取号:G804.3/185=3] | 在馆 | |
| 4 | 0762675 | 207626755 | 库房3/ [索取号:G804.3/185=3] | 在馆 | |
| 5 | 0762676 | 207626764 | 库房3/ [索取号:G804.3/185=3] | 在馆 | |
| 6 | 0762677 | 207626773 | 库房3/ [索取号:G804.3/185=3] | 在馆 | |
| 7 | 0762678 | 207626782 | 库房3/ [索取号:G804.3/185=3] | 在馆 |